Concepto y fundamento de la validez del derecho

Guardat en:
Dades bibliogràfiques
Autor principal: Falcón y Tella, María José (Autor)
Format: Llibre
Idioma:espanyol
Publicat: Madrid Civitas 1994
Matèries:
Etiquetes: Afegir etiqueta
Sense etiquetes, Sigues el primer a etiquetar aquest registre!

MARC

LEADER 00000nam a2200000 a 4500
001 UCY0541
003 CL-VaPUC
008 940804e19940000SP |||||||||||||||||spa|d
082 0 4 |a 340.11  |b FAL  |2 21 
100 0 |a Falcón y Tella, María José  |e author  |9 328297 
245 1 0 |a Concepto y fundamento de la validez del derecho 
300 |a 328 p 
942 |c BK 
945 |d 19940804 00:00:00  |a aalvarez 
260 |a Madrid  |b Civitas  |c 1994 
650 7 |a INTERPRETACION DEL DERECHO  |2 CL-VaPUC  |9 328298 
583 |a last modification  |c 19940804 00:00:00  |k Rodrigo Vera 
999 |c 229527  |d 229525 
952 |0 0  |1 0  |4 0  |6 340_110000000000000_FAL_1994  |7 0  |8 DER_TF  |9 230773  |a BIBDER  |b BIBDER  |d 2019-11-15  |i 2999757  |o 340.11 FAL 1994  |p 2999757  |r 2023-01-25  |w 2019-11-15  |x Ubicación 4to Piso  |y BK  |z Estos recursos deben solicitarse con anticipación  |k DER